NCT Members by Letter - Statistics

General Stats
  • This quiz has been taken 92 times
  • The average score is 26 of 26
Answer Stats
Hint Answer % Correct
A /
100%
B /
100%
E /
100%
F /
100%
G /
100%
I /
100%
N /
100%
O /
100%
P /
100%
Q /
100%
U /
100%
V /
100%
Z /
100%
J Jaehyun / Jeno / Jaemin / Jisung / Johnny / Jungwoo / Jaehee
100%
Y Yuta / Yangyang / Yushi
100%
H Haechan / Hendery
99%
R Renjun / Riku / Ryo
99%
D Doyoung
98%
S Sion / Sakuya / Shotaro / Sungchan
98%
T Taeyong / Ten / Taeil (ew)
98%
M Mark
97%
K Kun
95%
W Winwin
94%
X Xiaojun
94%
C Chenle
93%
L Lucas
86%
No matching quizzes found
Score Distribution
Percent of People with Each Score
Percentile by Number Answered
Your Score History
You have not taken this quiz